| 000 | 00761cam a22002533a 4500 | ||
|---|---|---|---|
| 001 | 11360 | ||
| 003 | PGUSA | ||
| 005 | 20140828083236.0 | ||
| 008 | 040201s2004||||xxu|||||s|||||000 1 eng d | ||
| 040 |
_aPGUSA _beng |
||
| 042 | _adc | ||
| 050 | 4 | _aPR | |
| 100 | 1 |
_aBennett, Arnold, _d1867-1931 |
|
| 245 | 1 | 0 |
_aSacred and Profane Love : _bA Novel in Three Episodes _h[electronic resource] / _cArnold Bennett |
| 260 |
_bProject Gutenberg, _c2004 |
||
| 506 | _aPublic domain in the USA. | ||
| 516 | _aElectronic text | ||
| 653 | _aMan-woman relationships -- Fiction | ||
| 653 | _aInterpersonal relations -- Fiction | ||
| 653 | _aPianists -- Fiction | ||
| 830 | 0 |
_aProject Gutenberg _v11360 |
|
| 856 | 4 | 0 | _uhttp://www.gutenberg.org/ebooks/11360 |
| 942 | _cEB | ||
| 999 |
_c240615 _d240615 |
||